François de Tott 1733-1793

Salvato in:
Dettagli Bibliografici
Autore principale: Horbulák, Zsolt, 1972-
Altri autori: Kunc, Patrik, Olšiak, Marcel
Natura: Libro
Lingua:slovacco
francese
Pubblicazione: Huningue Presses Universitaires Rhin & Danube 2024
Edizione:1ère édition
Soggetti:
Tags: Aggiungi Tag
Nessun Tag, puoi essere il primo ad aggiungerne!!

MARC

LEADER 00000nam a2200000 4500
001 0304160
005 20240927114812.2
020 |a 978-2-493323-75-0 
041 0 |a slo 
041 0 |a fre 
044 |a FR 
245 1 0 |a François de Tott  |b 1733-1793  |c Zsolt Horbulák ; recenzenti: Patrik Kunc, Marcel Olšiak 
250 |a 1ère édition 
264 1 |a Huningue  |b Presses Universitaires Rhin & Danube  |c 2024 
300 |a 201 s. [10 AH] 
610 2 0 |a biografia 
610 2 0 |a osobnosť 
610 2 0 |a diplomati 
610 2 0 |a diplomacia 
610 2 0 |a vzťahy zahraničné 
610 2 0 |a dejiny 
610 2 0 |a Francúzsko 
610 2 0 |a východná Európa 
100 1 |a Horbulák, Zsolt, 1972- 
700 1 |a Kunc, Patrik 
700 1 |a Olšiak, Marcel